| 000 | 00538nam a2200193 a 4500 | ||
|---|---|---|---|
| 005 | 20210223125739.0 | ||
| 008 | 051115s1998 es r 000 0 spa d | ||
| 020 | _a8427023618 | ||
| 035 | _aUPN01000141080 | ||
| 049 | _aCG | ||
| 050 | 4 |
_aCR4755 E5 _bA4.2 1998 |
|
| 100 | 1 | _aAlarcón Herrera, Rafael | |
| 245 | 1 | 0 |
_aA la sombra de los templarios / _cRafael Alarcón. |
| 250 | _a5a ed. | ||
| 260 |
_aBarcelona, Esp. : _bMartínez Roca, _c1998. |
||
| 300 |
_a355 p. : _bil. |
||
| 610 | 2 | 4 |
_aTEMPLARIOS EN ESPAÑA _917356 |
| 905 | _aLibro | ||
| 999 |
_c113228 _d113228 |
||